[Event "Senior DM 2020 65+"]
[Site "Logumkloster"]
[Date "2020.02.10"]
[Round "2"]
[White "Mortensen, John"]
[Black "Mortensen, Steen Juul"]
[Result "1-0"]
[WhiteElo "2068"]
[BlackElo "1927"]
[PlyCount "49"]
[EventDate "2020.02.09"]
[EventType "swiss"]
[EventRounds "7"]
[EventCountry "DEN"]

1. e4 e5 2. Nf3 Nc6 3. Nc3 Nf6 4. Bb5 Bb4 5. O-O O-O 6. d3 Bxc3 7. bxc3 d6 8.
Re1 Qe7 9. Bg5 Nd8 10. d4 Ne6 11. Bc1 Rd8 12. a4 c6 13. Bf1 Nf8 14. Qd3 Ng6 15.
g3 h6 16. Ba3 c5 17. Rad1 Bg4 18. h3 Bxf3 19. Qxf3 Rac8 20. dxc5 dxc5 21. Bc4
Rxd1 22. Rxd1 Qe8 23. Qf5 Rd8 24. Rxd8 Qxd8 25. Qxg6 1-0

[Event "Senior DM 2020 65+"]
[Site "Logumkloster"]
[Date "2020.02.10"]
[Round "2"]
[White "Kristensen, Niels Aage"]
[Black "Jorgensen, Arne Bjorn"]
[Result "0-1"]
[WhiteElo "1479"]
[BlackElo "1957"]
[PlyCount "78"]
[EventDate "2020.02.09"]
[EventType "swiss"]
[EventRounds "7"]
[EventCountry "DEN"]

1. d4 Nf6 2. Nf3 g6 3. Bf4 Bg7 4. Nbd2 O-O 5. e3 d6 6. Bd3 c5 7. c3 Nc6 8. h3
a6 9. O-O b5 10. dxc5 dxc5 11. Bc2 Bb7 12. Ne4 Qb6 13. Qe2 Nxe4 14. Bxe4 e5 15.
Bh2 Rad8 16. Rad1 f6 17. Nh4 Na5 18. Rxd8 Rxd8 19. Bxb7 Nxb7 20. Rd1 c4 21.
Rxd8+ Qxd8 22. Nf3 Nc5 23. Qd2 Qxd2 24. Nxd2 Na4 25. b3 cxb3 26. axb3 Nxc3 27.
f4 e4 28. g4 f5 29. Bg3 Kf7 30. Be1 a5 31. Kf2 Ke6 32. Nf1 a4 33. bxa4 bxa4 34.
gxf5+ gxf5 35. Nd2 a3 36. Nb3 a2 37. Na1 Na4 38. Nb3 a1=Q 39. Nxa1 Bxa1 0-1

[Event "Senior DM 2020 65+"]
[Site "Logumkloster"]
[Date "2020.02.10"]
[Round "2"]
[White "Matras, Ove"]
[Black "Hvenekilde, Jorgen"]
[Result "1/2-1/2"]
[WhiteElo "1851"]
[BlackElo "2032"]
[PlyCount "36"]
[EventDate "2020.02.09"]
[EventType "swiss"]
[EventRounds "7"]
[EventCountry "DEN"]

1. e4 e5 2. Nf3 d6 3. d4 exd4 4. Nxd4 g6 5. Be3 Nf6 6. f3 Bg7 7. Bc4 O-O 8. c3
Bd7 9. Nd2 Nc6 10. O-O a6 11. Re1 Ne5 12. Be2 b5 13. Nf1 Re8 14. h3 Rb8 15. b3
c5 16. Nc2 Bc6 17. Rb1 Qe7 18. c4 bxc4 1/2-1/2

[Event "Senior DM 2020 65+"]
[Site "Logumkloster"]
[Date "2020.02.10"]
[Round "2"]
[White "Pedersen, Borge"]
[Black "Nielsen, Aage Sondergaard"]
[Result "1/2-1/2"]
[WhiteElo "1980"]
[BlackElo "1888"]
[PlyCount "76"]
[EventDate "2020.02.09"]
[EventType "swiss"]
[EventRounds "7"]
[EventCountry "DEN"]

1. d4 f5 2. g3 Nf6 3. Bg2 g6 4. c4 Bg7 5. Nc3 O-O 6. Nh3 Nc6 7. Bg5 a6 8. Rc1
Rb8 9. O-O b6 10. Qd2 Bb7 11. b3 e6 12. Rfd1 Qe8 13. Bf4 Rc8 14. d5 Nd8 15.
dxe6 dxe6 16. Bxb7 Nxb7 17. Qc2 Nh5 18. Be3 Qc6 19. f3 Rcd8 20. Rxd8 Rxd8 21.
Rd1 Rxd1+ 22. Nxd1 Qd6 23. Qd3 Bf8 24. Nf4 Nxf4 25. Bxf4 e5 26. Qxd6 Bxd6 27.
Be3 Bb4 28. Nb2 Kf7 29. Nd3 Bd6 30. Bd2 a5 31. Kf2 Nc5 32. Nxc5 Bxc5+ 33. e3 e4
34. Bc3 Ke6 35. f4 Bb4 36. Be5 Bd6 37. Bd4 Bb4 38. Be5 Bd6 1/2-1/2

[Event "Senior DM 2020 65+"]
[Site "Logumkloster"]
[Date "2020.02.10"]
[Round "2"]
[White "Norregaard, Claus"]
[Black "Christiansen, Jens Jorgen"]
[Result "1-0"]
[WhiteElo "1941"]
[BlackElo "2073"]
[PlyCount "133"]
[EventDate "2020.02.09"]
[EventType "swiss"]
[EventRounds "7"]
[EventCountry "DEN"]

1. d4 d5 2. c4 e6 3. Nf3 c6 4. g3 Nf6 5. Bg2 Nbd7 6. O-O Bd6 7. c5 Bc7 8. Bf4
b6 9. cxb6 axb6 10. Nc3 O-O 11. Bxc7 Qxc7 12. Qc2 Qd6 13. e4 Nxe4 14. Nxe4 dxe4
15. Qxe4 Nf6 16. Qc2 Bb7 17. Rfd1 Rfc8 18. a3 Nd5 19. Ng5 g6 20. Ne4 Qe7 21.
Rac1 Kg7 22. Qb3 h5 23. Nc3 Qd8 24. Nxd5 exd5 25. Re1 Ba6 26. Re5 Bc4 27. Qe3
Rc7 28. Re1 Qf6 29. Rc1 Raa7 30. Re1 Ra8 31. h4 Rd7 32. Bh3 Rc7 33. Bg2 Rca7
34. f4 Rd8 35. f5 c5 36. fxg6 cxd4 37. Qxd4 Re7 38. gxf7 Rxe5 39. Rxe5 Kxf7 40.
Qf2 Qxf2+ 41. Kxf2 d4 42. Ke1 Rg8 43. Kf2 Rd8 44. Bf3 d3 45. Bd1 d2 46. Rxh5
Rd3 47. Re5 Bb3 48. Ke2 Rxg3 49. Kxd2 Bc4 50. Re3 Rg2+ 51. Kc3 Be6 52. Bb3 Bxb3
53. Kxb3 Rh2 54. Re4 Kf6 55. Rb4 Ke7 56. Rxb6 Rxh4 57. Rc6 Kd7 58. Rc4 Rh2 59.
Rc2 Rh4 60. Rc4 Rh2 61. Kc3 Kd6 62. b3 Ra2 63. Kb4 Ra1 64. a4 Ra2 65. Kb5 Rf2
66. b4 Rf5+ 67. Kb6 1-0

[Event "Senior DM 2020 65+"]
[Site "Logumkloster"]
[Date "2020.02.10"]
[Round "2"]
[White "Palm, Eivind"]
[Black "Andersson, Finn"]
[Result "1-0"]
[WhiteElo "1851"]
[BlackElo "1748"]
[PlyCount "71"]
[EventDate "2020.02.09"]
[EventType "swiss"]
[EventRounds "7"]
[EventCountry "DEN"]

1. d4 Nf6 2. c4 c5 3. Nf3 cxd4 4. Nxd4 Nc6 5. Nc3 g6 6. g3 Bg7 7. Bg2 O-O 8.
Nxc6 bxc6 9. O-O Rb8 10. Qc2 Qc7 11. Rd1 d6 12. b3 Bf5 13. Qd2 Ne4 14. Bxe4
Bxe4 15. Bb2 Bf5 16. Kg2 Qd7 17. h4 Qe6 18. Rh1 h5 19. f3 d5 20. cxd5 cxd5 21.
Na4 Rbc8 22. Rac1 d4 23. Rhe1 Rfd8 24. Nc5 Qd5 25. Nd3 e5 26. Rxc8 Rxc8 27. Rc1
Kh7 28. Rxc8 Bxc8 29. Qc2 Qd7 30. Nf2 f5 31. Bc1 e4 32. fxe4 fxe4 33. Nxe4 Qh3+
34. Kg1 Bf5 35. Ng5+ Kh8 36. Qc7 1-0

[Event "Senior DM 2020 65+"]
[Site "Logumkloster"]
[Date "2020.02.10"]
[Round "2"]
[White "Olesen, Poul Erik Norgaard"]
[Black "Gottschalck, Christian"]
[Result "1-0"]
[WhiteElo "2004"]
[BlackElo "1701"]
[PlyCount "71"]
[EventDate "2020.02.09"]
[EventType "swiss"]
[EventRounds "7"]
[EventCountry "DEN"]

1. e4 d5 2. exd5 Nf6 3. d4 Nxd5 4. Nf3 Bg4 5. Be2 c6 6. Nc3 Nd7 7. O-O e6 8. h3
Bh5 9. Ne4 N5f6 10. Ng3 Bg6 11. Bf4 h6 12. Re1 Be7 13. Qd2 Nd5 14. c3 Nxf4 15.
Qxf4 O-O 16. Rad1 Nb6 17. Bd3 Nd5 18. Qc1 Bxd3 19. Rxd3 Qc7 20. a3 Nf4 21. Rdd1
Ng6 22. Ne5 Nxe5 23. dxe5 Rfd8 24. Rd4 Rxd4 25. cxd4 Rd8 26. Qc3 Qb6 27. Ne2 a5
28. Rc1 Rd5 29. Kf1 c5 30. dxc5 Bxc5 31. Nf4 Qb5+ 32. Qc4 Qxc4+ 33. Rxc4 b5 34.
Rc2 Bd4 35. Nxd5 exd5 36. f4 1-0

[Event "Senior DM 2020 65+"]
[Site "Logumkloster"]
[Date "2020.02.10"]
[Round "2"]
[White "Olesen, Bent"]
[Black "Holst, Per"]
[Result "1/2-1/2"]
[WhiteElo "1986"]
[BlackElo "2138"]
[PlyCount "137"]
[EventDate "2020.02.09"]
[EventType "swiss"]
[EventRounds "7"]
[EventCountry "DEN"]

1. d4 e6 2. Nf3 Nf6 3. e3 b6 4. Bd3 Bb7 5. Nbd2 c5 6. b3 Be7 7. Bb2 O-O 8. O-O
cxd4 9. exd4 d6 10. c4 Nbd7 11. Qe2 Re8 12. h3 Nf8 13. Nh2 Qc7 14. f4 Ng6 15.
Rac1 Rad8 16. Ng4 Qb8 17. Nxf6+ Bxf6 18. Qf2 d5 19. g3 Ne7 20. c5 bxc5 21. Rxc5
Nc8 22. g4 Be7 23. Rc2 Nd6 24. Qg2 Rc8 25. Rxc8 Rxc8 26. Qe2 Bd8 27. f5 exf5
28. Bxf5 Rc7 29. Ba3 Re7 30. Qf2 Ba6 31. Re1 Nxf5 32. gxf5 Rxe1+ 33. Qxe1 Bf6
34. Nf3 h6 35. Ne5 Qc8 36. Qf2 Qc3 37. Kg2 Bc8 38. Bb2 Qc7 39. h4 Qe7 40. h5
Bh4 41. Qf4 Bg5 42. Qf3 Qf6 43. Ng4 Qxf5 44. Qxf5 Bxf5 45. Ne5 Kf8 46. Nc6 a6
47. Kg3 Bc8 48. a4 Ke8 49. Ba3 Kd7 50. Ne5+ Ke6 51. Bc5 Bd8 52. b4 Bc7 53. Kf3
Bxe5 54. dxe5 Kxe5 55. b5 axb5 56. axb5 Kf5 57. Bf8 g6 58. Bxh6 gxh5 59. Kg3 d4
60. Kh4 Kg6 61. Bd2 Bb7 62. b6 f5 63. Kg3 Kf6 64. Bf4 Ke6 65. Kh4 Kd5 66. Kxh5
Ke4 67. Kg5 Bc8 68. Bc1 Kd5 69. b7 1/2-1/2

[Event "Senior DM 2020 65+"]
[Site "Logumkloster"]
[Date "2020.02.10"]
[Round "2"]
[White "Larsen, Finn"]
[Black "Bucka Lassen, Edlef"]
[Result "1-0"]
[WhiteElo "1822"]
[BlackElo "1520"]
[PlyCount "33"]
[EventDate "2020.02.09"]
[EventType "swiss"]
[EventRounds "7"]
[EventCountry "DEN"]

1. c4 Nf6 2. Nc3 g6 3. g3 Bg7 4. Bg2 e6 5. d4 d5 6. Nf3 O-O 7. Ne5 dxc4 8. Nxc4
Nd5 9. e4 Nxc3 10. bxc3 b5 11. e5 c6 12. Nd6 Ba6 13. a4 Qa5 14. Bd2 bxa4 15. c4
Qc7 16. Qxa4 Rd8 17. Ba5 1-0

[Event "Senior DM 2020 65+"]
[Site "Logumkloster"]
[Date "2020.02.10"]
[Round "2"]
[White "Larsen, Arne Walther"]
[Black "Gjelstrup, Ole"]
[Result "1/2-1/2"]
[WhiteElo "1712"]
[BlackElo "1516"]
[PlyCount "83"]
[EventDate "2020.02.09"]
[EventType "swiss"]
[EventRounds "7"]
[EventCountry "DEN"]

1. Nf3 d5 2. g3 Bg4 3. Bg2 Bxf3 4. exf3 c5 5. d3 Nc6 6. O-O e6 7. Nd2 Nf6 8. f4
Be7 9. c3 Qc7 10. Re1 h5 11. Nf3 O-O-O 12. a4 Bd6 13. Bd2 Kb8 14. a5 Ng4 15. h3
Nh6 16. Qa4 Nf5 17. b4 cxb4 18. cxb4 Ncd4 19. Nxd4 Nxd4 20. Rac1 Qd7 21. b5
Nxb5 22. a6 b6 23. Be3 Nc7 24. Qa2 Qb5 25. Ra1 Rh7 26. Reb1 Qc6 27. Rc1 Qb5 28.
Bf1 Na8 29. Qc2 f5 30. Bd4 h4 31. Qe2 Qe8 32. Be5 Qe7 33. Rc6 Nc7 34. d4 hxg3
35. fxg3 Ka8 36. Rac1 g6 37. Qc2 Bxe5 38. dxe5 Kb8 39. Qb2 Na8 40. Qc3 Nc7 41.
Qb3 Na8 42. Qc3 1/2-1/2

[Event "Senior DM 2020 65+"]
[Site "Logumkloster"]
[Date "2020.02.10"]
[Round "2"]
[White "Nielsen, Peter"]
[Black "Morling, Aase"]
[Result "1-0"]
[WhiteElo "1653"]
[BlackElo "1420"]
[PlyCount "53"]
[EventDate "2020.02.09"]
[EventType "swiss"]
[EventRounds "7"]
[EventCountry "DEN"]

1. c4 e5 2. g3 Nf6 3. Bg2 Nc6 4. e3 d5 5. cxd5 Nxd5 6. Nc3 Nxc3 7. bxc3 Bd7 8.
Ne2 g6 9. O-O Bg7 10. d4 exd4 11. exd4 Rb8 12. Ba3 Bf8 13. Bxf8 Kxf8 14. Nf4
Ne7 15. Qb3 Bc6 16. d5 Be8 17. Rfe1 Qd6 18. c4 Qb6 19. Qc3 Rg8 20. c5 Qa6 21.
Qe5 Nf5 22. g4 Nh6 23. Qxc7 Ra8 24. d6 Bc6 25. Qe7+ Kg7 26. Ne6+ Kh8 27. Qf6+
1-0

[Event "Senior DM 2020 65+"]
[Site "Logumkloster"]
[Date "2020.02.10"]
[Round "2"]
[White "Jorgensen, Orla Eilegaard"]
[Black "Markussen, Benno Orvad"]
[Result "1/2-1/2"]
[WhiteElo "1586"]
[BlackElo "1775"]
[PlyCount "64"]
[EventDate "2020.02.09"]
[EventType "swiss"]
[EventRounds "7"]
[EventCountry "DEN"]

1. e4 d6 2. d4 Nf6 3. Nc3 e5 4. dxe5 dxe5 5. Qxd8+ Kxd8 6. Bg5 Be6 7. O-O-O+
Nbd7 8. Nf3 Bd6 9. Nb5 Ke7 10. c4 a6 11. Nxd6 cxd6 12. Nd2 h6 13. Bxf6+ Nxf6
14. f3 Rhc8 15. Kb1 Nd7 16. b3 a5 17. a4 Nc5 18. Kb2 f5 19. g3 fxe4 20. Nxe4
Nxe4 21. fxe4 Rf8 22. Rd2 Rf6 23. Bd3 Raf8 24. Kc3 Rf2 25. Rdd1 Bh3 26. Rd2
Rxd2 27. Kxd2 Kd7 28. Kc3 Kc6 29. b4 axb4+ 30. Kxb4 b6 31. Rc1 Rf2 32. Rc2 Rxc2
1/2-1/2

[Event "Senior DM 2020 65+"]
[Site "Logumkloster"]
[Date "2020.02.10"]
[Round "2"]
[White "Kolbak, Jens"]
[Black "Fjordside, Arne Dan"]
[Result "1-0"]
[WhiteElo "2127"]
[BlackElo "1782"]
[PlyCount "61"]
[EventDate "2020.02.09"]
[EventType "swiss"]
[EventRounds "7"]
[EventCountry "DEN"]

1. d4 Nf6 2. c4 e6 3. Nc3 d5 4. Nf3 Be7 5. Bf4 a6 6. e3 O-O 7. cxd5 exd5 8. Bd3
Nbd7 9. O-O Re8 10. Rc1 Nf8 11. Qc2 c6 12. h3 Ne6 13. Be5 g6 14. Rfd1 Ng7 15.
Na4 Bd6 16. Qb3 Bxe5 17. Nxe5 Qe7 18. Nc5 Ne6 19. a4 Nxc5 20. Rxc5 Nd7 21. Nxd7
Bxd7 22. Qxb7 Rab8 23. Qxa6 Qg5 24. Rc2 Bxh3 25. Bf1 Rb3 26. Rdd2 Bxg2 27. Bxg2
Rexe3 28. fxe3 Qxe3+ 29. Rf2 Qxd4 30. Rce2 Rb8 31. Qxc6 1-0

[Event "Senior DM 2020 65+"]
[Site "Logumkloster"]
[Date "2020.02.10"]
[Round "2"]
[White "Jensen, Ole Yde"]
[Black "Lontoft, Sven"]
[Result "0-1"]
[WhiteElo "1564"]
[BlackElo "1763"]
[PlyCount "50"]
[EventDate "2020.02.09"]
[EventType "swiss"]
[EventRounds "7"]
[EventCountry "DEN"]

1. f4 Nf6 2. b3 d5 3. Bb2 c5 4. e3 Nc6 5. c4 e6 6. d3 Bd6 7. Nf3 O-O 8. Ne5
Bxe5 9. fxe5 Nd7 10. d4 f6 11. Qg4 Qe7 12. cxd5 cxd4 13. Qh4 exd5 14. Ba3 Nb4
15. Kd1 Nxe5 16. Qxd4 Nec6 17. Qd2 Rd8 18. Bb5 Bg4+ 19. Kc1 Rac8 20. Bxc6 Rxc6+
21. Nc3 Rxc3+ 22. Qxc3 Rc8 23. Qxc8+ Bxc8 24. Kd2 Qe4 25. Bxb4 Qxb4+ 0-1

[Event "Senior DM 2020 65+"]
[Site "Logumkloster"]
[Date "2020.02.10"]
[Round "2"]
[White "Overmark, Ole"]
[Black "Kristensen, Lars Ostergaard"]
[Result "1/2-1/2"]
[WhiteElo "1735"]
[BlackElo "1632"]
[PlyCount "68"]
[EventDate "2020.02.09"]
[EventType "swiss"]
[EventRounds "7"]
[EventCountry "DEN"]

1. e4 c6 2. c4 d5 3. cxd5 cxd5 4. exd5 Nf6 5. Nc3 Nxd5 6. d4 e6 7. Nf3 Bb4 8.
Qc2 Nd7 9. Bd2 O-O 10. a3 Be7 11. Nxd5 exd5 12. Bd3 Nf6 13. O-O Bd7 14. Rac1
Rc8 15. Qb1 Rxc1 16. Rxc1 Bd6 17. Ne5 Be6 18. h3 Qb8 19. Bf4 h6 20. Rc3 Rc8 21.
Rb3 Nd7 22. Nxd7 Bxd7 23. Bd2 b6 24. Ba6 Re8 25. Rf3 b5 26. a4 bxa4 27. Qa2 Be6
28. Qxa4 Re7 29. b4 Bc8 30. Bd3 Qb6 31. Bc3 Bd7 32. Qb3 Be8 33. g3 Bc6 34. Qb2
Bb5 1/2-1/2

[Event "Senior DM 2020 65+"]
[Site "Logumkloster"]
[Date "2020.02.10"]
[Round "2"]
[White "Larsen, Alex"]
[Black "Jensen, Scot Wolfgang"]
[Result "1-0"]
[WhiteElo "1428"]
[BlackElo "1609"]
[PlyCount "41"]
[EventDate "2020.02.09"]
[EventType "swiss"]
[EventRounds "7"]
[EventCountry "DEN"]

1. d4 d5 2. Nf3 Nc6 3. b3 Nf6 4. g3 Bf5 5. c3 e6 6. Bg2 Be7 7. O-O Qd7 8. Bf4
Bd6 9. Nbd2 h6 10. Bxd6 Qxd6 11. Re1 g5 12. c4 O-O-O 13. c5 Qe7 14. Ne5 Nxe5
15. dxe5 Nd7 16. c6 bxc6 17. b4 Nxe5 18. Qa4 Kb8 19. Nb3 Nc4 20. Nc5 Rd6 21.
Qa6 1-0

[Event "Senior DM 2020 65+"]
[Site "Logumkloster"]
[Date "2020.02.10"]
[Round "2"]
[White "Gade, Jens"]
[Black "Haugaard, Thomas"]
[Result "1/2-1/2"]
[WhiteElo "1470"]
[BlackElo "1680"]
[PlyCount "42"]
[EventDate "2020.02.09"]
[EventType "swiss"]
[EventRounds "7"]
[EventCountry "DEN"]

1. d4 Nf6 2. c4 g6 3. Nc3 Bg7 4. Nf3 O-O 5. e3 d5 6. Be2 c5 7. cxd5 Nxd5 8. O-O
Nc6 9. Qb3 Nxc3 10. bxc3 Na5 11. Qc2 Qc7 12. Bb2 Bg4 13. Rac1 Rac8 14. Qd2 Rfd8
15. h3 Be6 16. Ba1 Nc4 17. Qc2 Nd6 18. Ng5 Bd7 19. Rfd1 h6 20. Nf3 Bf5 21. Bd3
Bxd3 1/2-1/2

[Event "Senior DM 2020 65+"]
[Site "Logumkloster"]
[Date "2020.02.10"]
[Round "2"]
[White "Semakoff, Aleks"]
[Black "Wang, Peter"]
[Result "1-0"]
[WhiteElo "2006"]
[BlackElo "1881"]
[PlyCount "53"]
[EventDate "2020.02.09"]
[EventType "swiss"]
[EventRounds "7"]
[EventCountry "DEN"]

1. e4 d6 2. d4 Nf6 3. Nc3 e6 4. Nf3 Be7 5. Be2 Nbd7 6. O-O c6 7. a4 Qc7 8. b3
e5 9. Ba3 O-O 10. Qd2 exd4 11. Nxd4 Ne5 12. Rad1 a6 13. f4 Ned7 14. Nf5 Nc5 15.
Nxe7+ Qxe7 16. e5 dxe5 17. Qe3 b6 18. fxe5 Re8 19. a5 Qxe5 20. Qxe5 Rxe5 21.
Rd8+ Re8 22. Rxe8+ Nxe8 23. axb6 Ne6 24. Rd1 Rb8 25. Na4 f6 26. Bc4 Kf7 27. Rd8
1-0

[Event "Senior DM 2020 65+"]
[Site "Logumkloster"]
[Date "2020.02.10"]
[Round "2"]
[White "Stald, Flemming"]
[Black "Kallenbach, Uffe"]
[Result "1/2-1/2"]
[WhiteElo "1836"]
[BlackElo "1615"]
[PlyCount "70"]
[EventDate "2020.02.09"]
[EventType "swiss"]
[EventRounds "7"]
[EventCountry "DEN"]

1. d4 Nf6 2. Bf4 e6 3. e3 d5 4. Bd3 Bd6 5. Bg3 Ne4 6. Bxe4 dxe4 7. Qg4 O-O 8.
Qxe4 f5 9. Qd3 Nd7 10. f4 Nf6 11. Nf3 b6 12. Bh4 Bb7 13. Bxf6 Qxf6 14. Nbd2 Qg6
15. Qe2 Rac8 16. O-O c5 17. Ne1 Rf6 18. c3 Qe8 19. Rf2 Rh6 20. Ndf3 c4 21. Qd2
b5 22. b4 Ra8 23. Qd1 a5 24. bxa5 Rxa5 25. Nc2 Qa8 26. Nb4 Be4 27. Rb2 Ra3 28.
Rc1 Bxf3 29. Qxf3 Qxf3 30. gxf3 Bxb4 31. Rxb4 Rxa2 32. Rxb5 Raxh2 33. Rcb1 Rh1+
34. Kg2 R1h2+ 35. Kg1 Rh1+ 1/2-1/2

[Event "Senior DM 2020 65+"]
[Site "Logumkloster"]
[Date "2020.02.10"]
[Round "2"]
[White "Andresen, Hans Jorn"]
[Black "Hansen, Per (1954)"]
[Result "1-0"]
[WhiteElo "1998"]
[BlackElo "2110"]
[PlyCount "91"]
[EventDate "2020.02.09"]
[EventType "swiss"]
[EventRounds "7"]
[EventCountry "DEN"]

1. e4 d5 2. exd5 Qxd5 3. Nc3 Qd6 4. Nf3 Nf6 5. d3 a6 6. Be2 b5 7. Bg5 Bb7 8.
Qd2 e6 9. Bxf6 gxf6 10. Ne4 Qd8 11. O-O-O Nd7 12. Kb1 f5 13. Ng3 Rg8 14. Rhg1
Qf6 15. d4 c5 16. Qa5 Qd8 17. Qd2 Qc7 18. c3 Bd5 19. dxc5 Nxc5 20. Nd4 O-O-O
21. f3 e5 22. Ngxf5 exd4 23. cxd4 Qd7 24. Qc2 Qe6 25. dxc5 Bxa2+ 26. Ka1 Rxd1+
27. Bxd1 Bd5 28. Be2 Qc6 29. b4 a5 30. bxa5 Qc7 31. Bxb5 Bxf3 32. Ba6+ Bb7 33.
Bxb7+ Kxb7 34. Rb1+ Ka7 35. c6 Qxa5+ 36. Qa2 Qxa2+ 37. Kxa2 Rxg2+ 38. Kb3 Kb6
39. Rc1 Kc7 40. Nd4 Rg5 41. Rf1 Bc5 42. Rxf7+ Kb6 43. Rb7+ Ka6 44. Ne6 Re5 45.
Nc7+ Ka5 46. Rb5# 1-0

[Event "Senior DM 2020 65+"]
[Site "Logumkloster"]
[Date "2020.02.10"]
[Round "2"]
[White "Falberg, Hugo"]
[Black "Kristoffersen, John"]
[Result "1-0"]
[WhiteElo "1826"]
[BlackElo "1668"]
[PlyCount "87"]
[EventDate "2020.02.09"]
[EventType "swiss"]
[EventRounds "7"]
[EventCountry "DEN"]

1. f4 d5 2. Nf3 e6 3. e3 Nf6 4. Be2 Bd6 5. O-O O-O 6. Nc3 a6 7. Qe1 h6 8. d3 c5
9. e4 dxe4 10. dxe4 e5 11. fxe5 Bxe5 12. Nxe5 Qd4+ 13. Qf2 Qxe5 14. Bf4 Qe7 15.
Rad1 Be6 16. Bd6 Qd8 17. Bxc5 Nfd7 18. Bxf8 Qxf8 19. Bf3 Ne5 20. Nd5 Nbd7 21.
Nc7 Bc4 22. Nxa8 Bxf1 23. Kxf1 Qxa8 24. Rd5 Qc8 25. b3 Kh7 26. c4 f6 27. h3 Qc6
28. Qd4 Qe6 29. Qd1 Nxf3 30. Qxf3 Ne5 31. Qf5+ Qxf5+ 32. exf5 Nc6 33. a3 Kg8
34. Kf2 Kf8 35. Rd7 Na5 36. Rd3 Ke7 37. c5 Nc6 38. b4 Ne5 39. Rg3 Kf7 40. Ke3
b6 41. cxb6 Nc4+ 42. Kd4 Nxb6 43. Kc5 Na4+ 44. Kc6 1-0

[Event "Senior DM 2020 65+"]
[Site "Logumkloster"]
[Date "2020.02.10"]
[Round "2"]
[White "Baagoe, Hans Chr"]
[Black "Jacobsen, Niels"]
[Result "0-1"]
[WhiteElo "1665"]
[BlackElo "1868"]
[PlyCount "104"]
[EventDate "2020.02.09"]
[EventType "swiss"]
[EventRounds "7"]
[EventCountry "DEN"]

1. d4 Nf6 2. c4 e6 3. Nc3 Bb4 4. Bd2 O-O 5. e3 d5 6. cxd5 exd5 7. a3 Bd6 8. Be2
c6 9. Rc1 Re8 10. Nf3 Bg4 11. h3 Bh5 12. Nh2 Bxe2 13. Nxe2 Bxh2 14. Rxh2 Ne4
15. Kf1 Nd7 16. Kg1 Ndf6 17. Ng3 Nxg3 18. fxg3 Ne4 19. Be1 Qg5 20. Qf3 Re6 21.
Qf4 Qe7 22. Bb4 Qe8 23. Re1 a5 24. Bc3 Rg6 25. g4 Rf6 26. Qc7 a4 27. g3 Ng5 28.
Ree2 Nf3+ 29. Kh1 Nxh2 30. Kxh2 b5 31. Qe5 Re6 32. Qf4 Re4 33. Qf3 Qe6 34. Kg2
Re8 35. Kf2 h5 36. Qf5 hxg4 37. Qxe6 R8xe6 38. h4 Rf6+ 39. Kg2 Rf3 40. Bd2 Kf8
41. Rf2 Rxf2+ 42. Kxf2 Ke7 43. Bb4+ Ke6 44. Bf8 g6 45. Bb4 Kf5 46. Bd6 Re6 47.
Bc7 Ke4 48. Ke2 Rf6 49. Bf4 Rxf4 50. exf4 Kxd4 51. Kd2 f5 52. Kc2 Ke3 0-1

[Event "Senior DM 2020 65+"]
[Site "Logumkloster"]
[Date "2020.02.10"]
[Round "2"]
[White "Rasmussen, Bjarne Meldgaard"]
[Black "Johnsen, Oystein"]
[Result "1-0"]
[WhiteElo "1911"]
[BlackElo "1996"]
[PlyCount "73"]
[EventDate "2020.02.09"]
[EventType "swiss"]
[EventRounds "7"]
[EventCountry "DEN"]

1. e4 c5 2. Nf3 e6 3. d4 cxd4 4. Nxd4 a6 5. Nc3 Qc7 6. a3 Nf6 7. Be2 Nc6 8. Be3
b5 9. O-O Bb7 10. Qd2 Be7 11. f4 d6 12. Bf3 h5 13. Rad1 Nxd4 14. Qxd4 O-O-O 15.
Kh1 e5 16. Qd2 Bc6 17. Rfe1 Qb7 18. Bg1 Nd7 19. Nd5 Bxd5 20. exd5 f6 21. b3 g5
22. fxg5 fxg5 23. Be4 Rdf8 24. Qd3 Kb8 25. c4 Rc8 26. Rc1 Nc5 27. Qe3 Rhf8 28.
cxb5 axb5 29. b4 Nxe4 30. Qxe4 Rc7 31. Rc6 Rf4 32. Qe3 Rxc6 33. dxc6 Qc7 34.
Rc1 Kc8 35. Qh3+ Kb8 36. Qxh5 Bd8 37. Qe2 1-0

[Event "Senior DM 2020 65+"]
[Site "Logumkloster"]
[Date "2020.02.10"]
[Round "2"]
[White "Christiansen, Arne"]
[Black "Jorgensen, Jorgen"]
[Result "1/2-1/2"]
[WhiteElo "2000"]
[BlackElo "2186"]
[PlyCount "35"]
[EventDate "2020.02.09"]
[EventType "swiss"]
[EventRounds "7"]
[EventCountry "DEN"]

1. d4 f5 2. Nf3 Nf6 3. c4 g6 4. Nc3 Bg7 5. g3 d6 6. Bg2 c6 7. O-O O-O 8. Be3
Ng4 9. Bc1 Na6 10. h3 Nf6 11. Be3 Bd7 12. Rc1 Bc8 13. Qb3 Qc7 14. Nb5 e5 15.
Nxd6 Qd8 16. Nb5 Qc7 17. Ra1 Qd8 18. Nc3 1/2-1/2

[Event "Senior DM 2020 65+"]
[Site "Logumkloster"]
[Date "2020.02.10"]
[Round "2"]
[White "Sorensen, Ivan"]
[Black "Cordes, Steffen"]
[Result "1-0"]
[WhiteElo "2062"]
[BlackElo "1928"]
[PlyCount "114"]
[EventDate "2020.02.09"]
[EventType "swiss"]
[EventRounds "7"]
[EventCountry "DEN"]

1. d4 Nf6 2. c4 g6 3. Nc3 Bg7 4. e4 O-O 5. f3 d6 6. Be3 c5 7. Nge2 Nc6 8. Qd2
cxd4 9. Nxd4 Bd7 10. Be2 Nxd4 11. Bxd4 Bc6 12. O-O Nd7 13. Bxg7 Kxg7 14. Kh1 a5
15. b3 Qb6 16. Rab1 Qc5 17. Qb2 Qe5 18. a3 b6 19. Qd2 Qf6 20. Qe3 Rfc8 21. f4
h5 22. Bf3 Ra7 23. Rbe1 e5 24. f5 Qe7 25. h3 Rb7 26. Rd1 b5 27. cxb5 Bxb5 28.
Nxb5 Rxb5 29. Be2 Rbc5 30. Bc4 Rf8 31. Qd3 Rc6 32. Qd5 Rb6 33. Qxa5 Qd8 34.
fxg6 Kxg6 35. Qd2 Nc5 36. Qf2 Qg5 37. h4 Qe7 38. Qf5+ Kh6 39. Bxf7 Qxh4+ 40.
Kg1 Qg5 41. Qxg5+ Kxg5 42. Bd5 Rf4 43. b4 Nxe4 44. Rxf4 Kxf4 45. Rf1+ Ke3 46.
Re1+ Kd4 47. Bxe4 d5 48. Bf3 e4 49. Bxh5 Ra6 50. Rd1+ Ke5 51. Ra1 d4 52. a4 d3
53. b5 Rf6 54. a5 Kd5 55. a6 Rf8 56. a7 Ra8 57. Bg6 Rd8 1-0

[Event "Senior DM 2020 65+"]
[Site "Logumkloster"]
[Date "2020.02.10"]
[Round "2"]
[White "Pilgaard, Johannes"]
[Black "Jensen, Jens Peter"]
[Result "1-0"]
[WhiteElo "1487"]
[BlackElo "1424"]
[PlyCount "37"]
[EventDate "2020.02.09"]
[EventType "swiss"]
[EventRounds "7"]
[EventCountry "DEN"]

1. e4 e5 2. Nc3 c6 3. f4 exf4 4. Nf3 d6 5. d4 Qb6 6. Na4 Qa5+ 7. Nc3 g5 8. Bd2
Bg4 9. Be2 Qd8 10. h3 Bxf3 11. Bxf3 Nd7 12. Ne2 Qe7 13. Ba5 b6 14. Bc3 O-O-O
15. d5 Ngf6 16. dxc6 Nb8 17. Qd4 Bg7 18. Qa4 Kc7 19. Qxa7+ 1-0

[Event "Senior DM 2020 65+"]
[Site "Logumkloster"]
[Date "2020.02.11"]
[Round "3"]
[White "Lontoft, Sven"]
[Black "Wang, Peter"]
[Result "0-1"]
[WhiteElo "1763"]
[BlackElo "1881"]
[PlyCount "66"]
[EventDate "2020.02.09"]
[EventType "swiss"]
[EventRounds "7"]
[EventCountry "DEN"]

1. e4 d6 2. d4 e5 3. dxe5 dxe5 4. Qxd8+ Kxd8 5. Bc4 Be6 6. Bxe6 fxe6 7. Bg5+
Kd7 8. Nd2 h6 9. Bh4 Nc6 10. O-O-O b5 11. Nb3+ Kc8 12. Nf3 Bd6 13. Bg3 a5 14.
Nbd2 Nf6 15. Rhe1 Nd7 16. Nh4 g5 17. Nhf3 Nc5 18. Re3 Kb7 19. Ne1 a4 20. Nd3
Nd7 21. f3 Nc5 22. Nxc5+ Bxc5 23. Ree1 a3 24. b3 Bd4 25. c4 Rhd8 26. cxb5 Nb4
27. Kb1 Bc3 28. Re2 Rd3 29. Be1 Rad8 30. h4 c6 31. bxc6+ Nxc6 32. hxg5 hxg5 33.
Bf2 Bxd2 0-1